[Event "2025 National K-12 Grade Championship"]
[Site "Spokane, WI USA, United States"]
[Date "2025.12.14"]
[Round "6.5"]
[White "Shafer, Logan"]
[Black "Zhao, Erick"]
[Result "0-1"]
[TimeControl "G/90; d10"]
[WhiteTitle "CM"]
[BlackTitle "IM"]
[WhiteFideId "30993342"]
[BlackFideId "30946930"]
[WhiteElo "2312"]
[BlackElo "2518"]

1. e4 {[%emt 00:05:09]} c5 {[%clk 01:24:09]} {[%emt 00:00:54]} 2. Nf3 {[%clk
01:30:00]} {[%emt 00:00:08]} Nc6 {[%clk 01:22:05]} {[%emt 00:02:14]} 3. d4
{[%clk 01:29:51]} {[%emt 00:00:21]} cxd4 {[%clk 01:21:11]} {[%emt 00:01:04]} 4.
Nxd4 {[%clk 01:29:51]} {[%emt 00:00:04]} Nf6 {[%clk 01:21:11]} {[%emt
00:00:07]} 5. Nc3 {[%clk 01:29:51]} {[%emt 00:00:06]} e6 {[%clk 01:21:11]}
{[%emt 00:00:02]} 6. Ndb5 {[%clk 01:29:51]} {[%emt 00:00:07]} Bb4 {[%clk
01:21:11]} {[%emt 00:00:04]} 7. a3 {[%clk 01:29:51]} {[%emt 00:00:06]} Bxc3+
{[%clk 01:21:07]} {[%emt 00:00:14]} 8. Nxc3 {[%clk 01:29:51]} d5 {[%clk
01:21:07]} {[%emt 00:00:04]} 9. exd5 {[%clk 01:29:51]} {[%emt 00:00:09]} exd5
{[%clk 01:21:07]} {[%emt 00:00:01]} 10. Bd3 {[%clk 01:29:51]} {[%emt 00:00:07]}
d4 {[%clk 01:21:02]} {[%emt 00:00:15]} 11. Ne4 {[%emt 00:07:04]} Bf5 {[%clk
01:15:11]} {[%emt 00:05:08]} 12. Nxf6+ {[%clk 01:20:50]} {[%emt 00:03:09]} Qxf6
{[%clk 01:15:11]} {[%emt 00:00:06]} 13. Qe2+ {[%clk 01:19:21]} {[%emt
00:01:39]} Kf8 {[%clk 01:14:02]} {[%emt 00:01:19]} 14. O-O {[%clk 01:19:13]}
{[%emt 00:00:18]} Re8 {[%clk 01:14:00]} {[%emt 00:00:11]} 15. Qf3 {[%clk
01:19:04]} {[%emt 00:00:20]} Bxd3 {[%clk 01:13:42]} {[%emt 00:00:28]} 16. Qxf6
{[%clk 01:17:56]} {[%emt 00:01:18]} gxf6 {[%clk 01:13:30]} {[%emt 00:00:23]} 17.
cxd3 {[%clk 01:17:55]} {[%emt 00:00:10]} Kg7 {[%clk 01:12:35]} {[%emt
00:01:05]} 18. f4 {[%clk 01:12:16]} {[%emt 00:05:49]} Re2 {[%clk 01:07:28]}
{[%emt 00:05:17]} 19. Rf2 {[%clk 01:12:16]} {[%emt 00:00:03]} Re1+ {[%clk
01:07:28]} {[%emt 00:00:04]} 20. Rf1 {[%clk 01:12:16]} {[%emt 00:00:03]} Re2
{[%clk 01:07:28]} {[%emt 00:00:02]} 21. Rf2 {[%clk 01:12:16]} {[%emt 00:00:03]}
Re1+ {[%clk 01:07:28]} {[%emt 00:00:04]} 22. Rf1 {[%clk 01:11:59]} {[%emt
00:00:27]} Rxf1+ {[%clk 01:07:14]} {[%emt 00:00:24]} 23. Kxf1 {[%clk 01:11:59]}
{[%emt 00:00:03]} Na5 {[%clk 01:07:14]} {[%emt 00:00:05]} 24. b4 {[%clk
01:11:26]} {[%emt 00:00:43]} Nb3 {[%clk 01:07:14]} {[%emt 00:00:02]} 25. Rb1
{[%clk 01:11:26]} {[%emt 00:00:02]} Rc8 {[%clk 01:07:14]} {[%emt 00:00:05]} 26.
Rxb3 {[%clk 01:11:25]} {[%emt 00:00:12]} Rxc1+ {[%clk 01:07:14]} {[%emt
00:00:03]} 27. Ke2 {[%clk 01:11:07]} {[%emt 00:00:28]} b5 {[%clk 01:07:14]}
{[%emt 00:00:01]} 28. Rb2 {[%clk 01:02:10]} {[%emt 00:09:08]} Kg6 {[%clk
01:02:42]} {[%emt 00:04:41]} 29. a4 {[%clk 01:01:35]} {[%emt 00:00:45]} bxa4
{[%clk 00:53:12]} {[%emt 00:09:41]} 30. Ra2 {[%clk 01:01:35]} {[%emt 00:00:11]}
Kf5 {[%clk 00:53:12]} {[%emt 00:00:05]} 31. Rxa4 {[%clk 00:53:42]} {[%emt
00:08:03]} Kxf4 {[%clk 00:53:12]} {[%emt 00:00:05]} 32. b5 {[%clk 00:51:11]}
{[%emt 00:02:42]} Rc2+ {[%clk 00:52:12]} {[%emt 00:01:10]} 33. Kd1 {[%clk
00:51:11]} Rxg2 {[%clk 00:52:07]} {[%emt 00:00:14]} 34. Rxd4+ {[%clk 00:51:11]}
{[%emt 00:00:03]} Ke3 {[%clk 00:51:35]} {[%emt 00:00:42]} 35. Rd7 {[%clk
00:49:39]} {[%emt 00:01:41]} f5 {[%clk 00:49:23]} {[%emt 00:02:22]} 36. Rxa7
{[%clk 00:43:23]} {[%emt 00:06:27]} f4 {[%clk 00:48:34]} {[%emt 00:00:59]} 37.
Rxf7 {[%clk 00:31:00]} {[%emt 00:12:32]} Rxh2 {[%clk 00:45:39]} {[%emt
00:03:06]} 38. Re7+ {[%clk 00:26:09]} {[%emt 00:05:01]} Kxd3 {[%clk 00:43:06]}
{[%emt 00:02:43]} 39. Ke1 {[%clk 00:25:57]} {[%emt 00:00:21]} h5 {[%clk
00:41:55]} {[%emt 00:01:21]} 40. b6 {[%clk 00:24:39]} {[%emt 00:01:29]} Rb2
{[%clk 00:41:44]} {[%emt 00:00:20]} 41. b7 {[%clk 00:24:39]} {[%emt 00:00:04]}
h4 {[%clk 00:41:36]} {[%emt 00:00:18]} 42. b8=R {[%clk 00:21:41]} {[%emt
00:03:09]} Rxb8 {[%clk 00:41:36]} {[%emt 00:00:08]} 43. Kf2 {[%clk 00:21:41]}
{[%emt 00:00:01]} Rh8 {[%clk 00:34:58]} {[%emt 00:06:48]} 44. Kg2 {[%clk
00:17:59]} {[%emt 00:03:51]} h3+ {[%clk 00:33:26]} {[%emt 00:01:43]} 45. Kh2
{[%clk 00:17:59]} {[%emt 00:00:08]} f3 {[%clk 00:33:02]} {[%emt 00:00:34]} 46.
Rd7+ {[%clk 00:14:28]} {[%emt 00:03:42]} Ke3 {[%clk 00:32:14]} {[%emt
00:00:54]} 47. Ra7 {[%clk 00:12:03]} {[%emt 00:02:39]} Rf8 {[%clk 00:31:33]}
{[%emt 00:00:51]} 48. Ra3+ {[%clk 00:11:49]} {[%emt 00:00:23]} Kd4 {[%clk
00:31:33]} {[%emt 00:00:09]} 49. Ra4+ {[%clk 00:04:26]} {[%emt 00:07:34]} Kc3
{[%clk 00:31:33]} {[%emt 00:00:05]} 50. Kg1 {[%clk 00:02:47]} {[%emt 00:01:51]}
h2+ {[%clk 00:31:33]} {[%emt 00:00:05]} 51. Kxh2 {[%clk 00:02:34]} {[%emt
00:00:22]} f2 {[%clk 00:31:33]} {[%emt 00:00:05]} 52. Ra3+ {[%clk 00:02:29]}
{[%emt 00:00:17]} Kb2 {[%clk 00:31:33]} {[%emt 00:00:05]} 0-1

[Event "2025 National K-12 Grade Championship"]
[Site "Spokane, WI USA, United States"]
[Date "2025.12.14"]
[Round "6.6"]
[White "Pothuri, Abhiram Sai"]
[Black "Nandhakumar, Vaseegaran"]
[Result "0-1"]
[TimeControl "G/90; d10"]
[BlackTitle "FM"]
[WhiteFideId "30969263"]
[BlackFideId "30946409"]
[WhiteElo "2185"]
[BlackElo "2177"]

1. e4 {[%clk 01:30:00]} {[%emt 00:00:03]} c5 {[%clk 01:28:18]} {[%emt
00:01:54]} 2. Nf3 {[%clk 01:30:00]} {[%emt 00:00:04]} d6 {[%clk 01:28:13]}
{[%emt 00:00:16]} 3. d4 {[%clk 01:30:00]} {[%emt 00:00:04]} cxd4 {[%clk
01:28:13]} {[%emt 00:00:07]} 4. Nxd4 {[%clk 01:30:00]} {[%emt 00:00:04]} Nf6
{[%clk 01:28:13]} {[%emt 00:00:04]} 5. Nc3 {[%clk 01:30:00]} {[%emt 00:00:07]}
Nc6 {[%clk 01:28:13]} {[%emt 00:00:08]} 6. Bg5 {[%clk 01:29:31]} {[%emt
00:00:40]} e6 {[%clk 01:27:33]} {[%emt 00:00:50]} 7. Qd2 {[%clk 01:28:47]}
{[%emt 00:00:54]} Be7 {[%clk 01:27:32]} {[%emt 00:00:11]} 8. O-O-O {[%clk
01:28:34]} {[%emt 00:00:22]} a6 {[%clk 01:27:32]} {[%emt 00:00:09]} 9. f4
{[%clk 01:25:40]} {[%emt 00:03:03]} Bd7 {[%clk 01:26:59]} {[%emt 00:00:44]} 10.
Kb1 {[%clk 01:22:23]} {[%emt 00:03:27]} Qc7 {[%clk 01:26:23]} {[%emt 00:00:45]}
11. f5 {[%clk 01:07:13]} {[%emt 00:15:21]} b5 {[%clk 01:17:29]} {[%emt
00:09:05]} 12. fxe6 {[%clk 00:52:53]} {[%emt 00:14:29]} fxe6 {[%clk 01:17:29]}
{[%emt 00:00:08]} 13. Nxc6 {[%clk 00:47:48]} {[%emt 00:05:15]} Bxc6 {[%clk
01:16:40]} {[%emt 00:00:57]} 14. Bd3 {[%clk 00:45:09]} {[%emt 00:02:50]} O-O
{[%clk 01:10:48]} {[%emt 00:06:03]} 15. e5 {[%clk 00:38:56]} {[%emt 00:06:23]}
dxe5 {[%clk 01:09:49]} {[%emt 00:01:08]} 16. Qe3 {[%clk 00:33:52]} {[%emt
00:05:14]} Rf7 {[%clk 00:34:04]} {[%emt 00:35:56]} 17. Rhe1 {[%clk 00:17:40]}
{[%emt 00:16:23]} Rc8 {[%clk 00:27:34]} {[%emt 00:06:39]} 18. Qh3 {[%clk
00:16:36]} {[%emt 00:01:13]} e4 {[%clk 00:22:23]} {[%emt 00:05:21]} 19. Bxf6
{[%clk 00:10:23]} {[%emt 00:06:23]} exd3 {[%clk 00:22:14]} {[%emt 00:00:20]} 20.
Be5 {[%clk 00:07:58]} {[%emt 00:02:35]} dxc2+ {[%clk 00:19:42]} {[%emt
00:02:42]} 21. Kxc2 {[%clk 00:07:58]} {[%emt 00:00:02]} Qb7 {[%clk 00:18:26]}
{[%emt 00:01:26]} 22. Kb1 {[%clk 00:06:27]} {[%emt 00:01:41]} b4 {[%clk
00:14:55]} {[%emt 00:03:42]} 23. Ne2 {[%clk 00:06:27]} {[%emt 00:00:09]} Bf6
{[%clk 00:14:10]} {[%emt 00:00:54]} 24. Bxf6 {[%clk 00:06:00]} {[%emt
00:00:36]} Rxf6 {[%clk 00:14:10]} {[%emt 00:00:09]} 25. Nd4 {[%clk 00:05:42]}
{[%emt 00:00:29]} Bxg2 {[%clk 00:11:13]} {[%emt 00:03:07]} 26. Qg4 {[%clk
00:05:05]} {[%emt 00:00:47]} Rd8 {[%clk 00:09:31]} {[%emt 00:01:53]} 27. Nxe6
{[%clk 00:04:06]} {[%emt 00:01:08]} Rxd1+ {[%clk 00:07:58]} {[%emt 00:01:42]}
28. Qxd1 {[%clk 00:03:49]} {[%emt 00:00:27]} Be4+ {[%clk 00:07:29]} {[%emt
00:00:40]} 29. Ka1 {[%clk 00:03:47]} {[%emt 00:00:12]} Rxe6 {[%clk 00:07:29]}
{[%emt 00:00:06]} 30. Qd8+ {[%clk 00:03:47]} {[%emt 00:00:09]} Kf7 {[%clk
00:07:29]} 31. Rd1 {[%clk 00:03:23]} {[%emt 00:00:34]} Bc6 {[%clk 00:06:22]}
{[%emt 00:01:17]} 32. Qh8 {[%clk 00:02:46]} {[%emt 00:00:46]} Bf3 {[%clk
00:05:04]} {[%emt 00:01:29]} 33. Rg1 {[%clk 00:02:12]} {[%emt 00:00:44]} Rg6
{[%clk 00:04:44]} {[%emt 00:00:30]} 34. Re1 {[%clk 00:01:59]} {[%emt 00:00:23]}
Qe4 {[%clk 00:04:07]} {[%emt 00:00:47]} 35. Rc1 {[%clk 00:01:46]} {[%emt
00:00:23]} Rc6 {[%clk 00:02:59]} {[%emt 00:01:18]} 36. Rg1 {[%clk 00:01:46]}
{[%emt 00:00:06]} Qd4 {[%clk 00:02:44]} {[%emt 00:00:25]} 37. Rf1 {[%clk
00:01:46]} {[%emt 00:00:10]} Qf2 {[%clk 00:02:11]} {[%emt 00:00:42]} 38. Rb1
{[%clk 00:01:38]} {[%emt 00:00:19]} Qc2 {[%clk 00:01:45]} {[%emt 00:00:37]} 39.
a3 {[%clk 00:01:13]} {[%emt 00:00:35]} b3 {[%clk 00:01:30]} {[%emt 00:00:24]}
40. Qxh7 {[%clk 00:00:55]} {[%emt 00:00:28]} Qxh7 {[%clk 00:01:30]} {[%emt
00:00:04]} 0-1

[Event "2025 National K-12 Grade Championship"]
[Site "Spokane, WI USA, United States"]
[Date "2025.12.14"]
[Round "6.8"]
[White "Wallace, Harper"]
[Black "Min, Ryan"]
[Result "0-1"]
[TimeControl "G/90; d10"]
[WhiteFideId "39908429"]
[BlackFideId "30951755"]
[WhiteElo "1872"]
[BlackElo "2132"]

1. d4 {[%clk 01:25:46]} {[%emt 00:00:07]} Nf6 {[%clk 01:30:00]} {[%emt
00:00:13]} 2. Bg5 {[%clk 01:25:46]} {[%emt 00:00:10]} g6 {[%clk 01:30:00]}
{[%emt 00:00:05]} 3. Bxf6 {[%clk 01:25:46]} {[%emt 00:00:04]} exf6 {[%clk
01:30:00]} {[%emt 00:00:08]} 4. e3 {[%clk 01:25:46]} {[%emt 00:00:03]} Bg7
{[%clk 01:30:00]} {[%emt 00:00:10]} 5. g3 {[%clk 01:25:17]} {[%emt 00:00:39]}
O-O {[%clk 01:30:00]} {[%emt 00:00:09]} 6. Bg2 {[%clk 01:25:17]} {[%emt
00:00:02]} d6 {[%clk 01:29:53]} {[%emt 00:00:18]} 7. Ne2 {[%clk 01:25:17]}
{[%emt 00:00:06]} f5 {[%clk 01:29:53]} {[%emt 00:00:06]} 8. Nd2 {[%clk
01:25:17]} {[%emt 00:00:09]} Nd7 {[%clk 01:29:49]} {[%emt 00:00:14]} 9. O-O
{[%clk 01:25:13]} {[%emt 00:00:14]} Nf6 {[%clk 01:29:49]} {[%emt 00:00:08]} 10.
c4 {[%clk 01:25:11]} {[%emt 00:00:13]} h5 {[%clk 01:29:49]} {[%emt 00:00:07]}
11. Nf3 {[%clk 01:25:11]} {[%emt 00:00:09]} Ne4 {[%clk 01:25:05]} {[%emt
00:04:55]} 12. h4 {[%clk 01:24:02]} {[%emt 00:01:19]} Re8 {[%clk 01:21:21]}
{[%emt 00:03:54]} 13. Nf4 {[%clk 01:23:18]} {[%emt 00:00:54]} Bh6 {[%clk
01:21:13]} {[%emt 00:00:19]} 14. Nd2 {[%clk 01:21:46]} {[%emt 00:01:41]} c6
{[%clk 01:19:04]} {[%emt 00:02:20]} 15. Qc2 {[%clk 01:18:09]} {[%emt 00:03:45]}
Qe7 {[%clk 01:17:54]} {[%emt 00:01:21]} 16. Nb1 {[%clk 01:16:54]} {[%emt
00:01:24]} Bxf4 {[%clk 01:09:00]} {[%emt 00:09:04]} 17. exf4 {[%clk 01:15:56]}
{[%emt 00:01:08]} Be6 {[%clk 01:06:53]} {[%emt 00:02:17]} 18. Re1 {[%clk
01:13:50]} {[%emt 00:02:16]} d5 {[%clk 01:06:28]} {[%emt 00:00:35]} 19. Nc3
{[%clk 01:10:04]} {[%emt 00:03:56]} Qb4 {[%clk 00:57:07]} {[%emt 00:09:31]} 20.
Bxe4 {[%clk 01:01:32]} {[%emt 00:08:42]} fxe4 {[%clk 00:55:41]} {[%emt
00:01:36]} 21. Qb3 {[%clk 00:56:46]} {[%emt 00:04:57]} a5 {[%clk 00:41:25]}
{[%emt 00:14:26]} 22. cxd5 {[%clk 00:47:03]} {[%emt 00:09:52]} cxd5 {[%clk
00:40:39]} {[%emt 00:00:56]} 23. Qxb4 {[%clk 00:46:04]} {[%emt 00:01:10]} axb4
{[%clk 00:40:38]} {[%emt 00:00:11]} 24. Nd1 {[%clk 00:45:39]} {[%emt 00:00:34]}
Ra6 {[%clk 00:35:04]} {[%emt 00:05:45]} 25. Re3 {[%clk 00:38:47]} {[%emt
00:07:02]} Rc8 {[%clk 00:31:52]} {[%emt 00:03:21]} 26. Re2 {[%clk 00:33:48]}
{[%emt 00:05:09]} Bg4 {[%clk 00:30:33]} {[%emt 00:01:30]} 27. Rd2 {[%clk
00:33:42]} {[%emt 00:00:14]} Bxd1 {[%clk 00:30:33]} {[%emt 00:00:07]} 28. Rdxd1
{[%clk 00:33:42]} {[%emt 00:00:02]} Rc2 {[%clk 00:29:31]} {[%emt 00:01:12]} 29.
Rdc1 {[%clk 00:27:20]} {[%emt 00:06:33]} Rxb2 {[%clk 00:25:53]} {[%emt
00:03:47]} 30. Rc5 {[%clk 00:25:56]} {[%emt 00:01:35]} b3 {[%clk 00:24:37]}
{[%emt 00:01:26]} 31. a4 {[%clk 00:25:17]} {[%emt 00:00:49]} Rc2 {[%clk
00:15:19]} {[%emt 00:09:28]} 32. Rxc2 {[%clk 00:24:28]} {[%emt 00:00:58]} bxc2
{[%clk 00:15:19]} {[%emt 00:00:04]} 33. Rc1 {[%clk 00:24:28]} {[%emt 00:00:02]}
Rxa4 {[%clk 00:15:02]} {[%emt 00:00:27]} 34. Rxc2 {[%clk 00:24:28]} {[%emt
00:00:07]} Rxd4 {[%clk 00:15:02]} {[%emt 00:00:02]} 35. Rb2 {[%clk 00:24:26]}
{[%emt 00:00:13]} Rd1+ {[%clk 00:14:51]} {[%emt 00:00:21]} 36. Kg2 {[%clk
00:24:26]} {[%emt 00:00:05]} d4 {[%clk 00:12:49]} {[%emt 00:02:15]} 37. Rxb7
{[%clk 00:24:17]} {[%emt 00:00:19]} d3 {[%clk 00:11:27]} {[%emt 00:01:31]} 38.
Rd7 {[%clk 00:23:14]} {[%emt 00:01:13]} Kf8 {[%clk 00:11:05]} {[%emt 00:00:32]}
39. Rd4 {[%clk 00:22:48]} {[%emt 00:00:35]} f5 {[%clk 00:09:51]} {[%emt
00:01:24]} 40. Rd6 {[%clk 00:22:18]} {[%emt 00:00:40]} Ke7 {[%clk 00:09:31]}
{[%emt 00:00:31]} 41. Rd4 {[%clk 00:21:54]} {[%emt 00:00:33]} Ke6 {[%clk
00:07:24]} {[%emt 00:02:19]} 42. Rd8 {[%clk 00:20:59]} {[%emt 00:01:05]} Rc1
{[%clk 00:06:11]} {[%emt 00:01:22]} 43. f3 {[%clk 00:18:11]} {[%emt 00:02:58]}
Rc7 {[%clk 00:05:52]} {[%emt 00:00:28]} 44. fxe4 {[%clk 00:17:50]} {[%emt
00:00:32]} fxe4 {[%clk 00:05:52]} {[%emt 00:00:06]} 45. Rd4 {[%clk 00:17:41]}
{[%emt 00:00:18]} Kf5 {[%clk 00:05:42]} {[%emt 00:00:21]} 46. Rd5+ {[%clk
00:15:43]} {[%emt 00:02:08]} Kf6 {[%clk 00:05:42]} {[%emt 00:00:04]} 47. Rd6+
{[%clk 00:14:21]} {[%emt 00:01:33]} Kf7 {[%clk 00:05:42]} {[%emt 00:00:04]} 48.
Kf2 {[%clk 00:13:20]} {[%emt 00:01:12]} Rc2+ {[%clk 00:04:44]} {[%emt
00:01:08]} 49. Kf1 {[%clk 00:11:12]} {[%emt 00:02:18]} Re2 {[%clk 00:04:44]}
{[%emt 00:00:07]} 50. Rd4 {[%clk 00:10:18]} {[%emt 00:01:02]} Ke6 {[%clk
00:04:44]} {[%emt 00:00:05]} 51. Rd8 {[%clk 00:10:18]} {[%emt 00:00:06]} Kf5
{[%clk 00:04:44]} {[%emt 00:00:04]} 52. Rd5+ {[%clk 00:08:42]} {[%emt
00:01:48]} Kg4 {[%clk 00:04:44]} {[%emt 00:00:03]} 53. f5 {[%clk 00:08:42]}
{[%emt 00:00:02]} gxf5 {[%clk 00:04:40]} {[%emt 00:00:14]} 54. Re5 {[%clk
00:08:42]} {[%emt 00:00:01]} Rh2 {[%clk 00:04:06]} {[%emt 00:00:43]} 55. Ke1
{[%clk 00:08:05]} {[%emt 00:00:47]} d2+ {[%clk 00:04:02]} {[%emt 00:00:15]} 56.
Kd1 {[%clk 00:08:05]} Kxg3 {[%clk 00:03:56]} {[%emt 00:00:17]} 57. Rxf5 {[%clk
00:07:26]} {[%emt 00:00:49]} e3 {[%clk 00:03:56]} {[%emt 00:00:03]} 58. Rg5+
{[%clk 00:07:26]} {[%emt 00:00:01]} Kf3 {[%clk 00:03:36]} {[%emt 00:00:30]} 59.
Rg1 {[%clk 00:07:26]} {[%emt 00:00:03]} Kf2 {[%clk 00:03:33]} {[%emt 00:00:13]}
60. Rg5 {[%clk 00:06:52]} {[%emt 00:00:44]} Rh1+ {[%clk 00:03:33]} {[%emt
00:00:10]} 61. Kc2 {[%clk 00:06:52]} {[%emt 00:00:01]} d1=Q+ {[%clk 00:03:33]}
{[%emt 00:00:04]} 0-1

[Event "2025 National K-12 Grade Championship"]
[Site "Spokane, WI USA, United States"]
[Date "2025.12.14"]
[Round "6.9"]
[White "Suarez, Sebastian"]
[Black "Vemparala, Nikash"]
[Result "1/2-1/2"]
[TimeControl "G/90; d10"]
[BlackTitle "CM"]
[WhiteFideId "30979080"]
[BlackFideId "30960967"]
[WhiteElo "2299"]
[BlackElo "2247"]

1. e4 {[%clk 01:16:42]} {[%emt 00:13:27]} e5 {[%clk 01:29:41]} {[%emt
00:00:30]} 2. Nf3 {[%clk 01:16:39]} {[%emt 00:00:13]} Nc6 {[%clk 01:29:41]}
{[%emt 00:00:07]} 3. Bb5 {[%clk 01:16:39]} {[%emt 00:00:09]} a6 {[%clk
01:29:41]} {[%emt 00:00:07]} 4. Ba4 {[%clk 01:16:32]} {[%emt 00:00:17]} Nge7
{[%clk 01:29:41]} {[%emt 00:00:05]} 5. c3 {[%clk 01:16:19]} {[%emt 00:00:24]}
Ng6 {[%clk 01:29:34]} {[%emt 00:00:16]} 6. d4 {[%clk 01:16:19]} {[%emt
00:00:08]} exd4 {[%clk 01:29:33]} {[%emt 00:00:11]} 7. cxd4 {[%clk 01:16:11]}
{[%emt 00:00:17]} Bb4+ {[%clk 01:29:33]} {[%emt 00:00:05]} 8. Bd2 {[%clk
01:15:49]} {[%emt 00:00:33]} O-O {[%clk 01:29:07]} {[%emt 00:00:36]} 9. O-O
{[%clk 01:15:28]} {[%emt 00:00:31]} Bxd2 {[%clk 01:28:51]} {[%emt 00:00:26]} 10.
Nbxd2 {[%clk 01:15:28]} {[%emt 00:00:07]} d6 {[%clk 01:28:34]} {[%emt
00:00:27]} 11. d5 {[%clk 01:15:25]} {[%emt 00:00:13]} Nce5 {[%clk 01:26:38]}
{[%emt 00:02:06]} 12. Nxe5 {[%clk 01:15:25]} {[%emt 00:00:09]} dxe5 {[%clk
01:26:32]} {[%emt 00:00:17]} 13. Rc1 {[%clk 01:10:01]} {[%emt 00:05:33]} f5
{[%clk 01:23:16]} {[%emt 00:03:27]} 14. exf5 {[%clk 00:56:38]} {[%emt
00:13:33]} Bxf5 {[%clk 01:22:13]} {[%emt 00:01:13]} 15. Rc3 {[%clk 00:48:34]}
{[%emt 00:08:14]} Kh8 {[%clk 01:20:29]} {[%emt 00:01:54]} 16. Bc2 {[%clk
00:38:37]} {[%emt 00:10:07]} Qxd5 {[%clk 01:11:01]} {[%emt 00:09:38]} 17. Bxf5
{[%clk 00:37:58]} {[%emt 00:00:49]} Rxf5 {[%clk 01:10:46]} {[%emt 00:00:24]} 18.
Nc4 {[%clk 00:29:47]} {[%emt 00:08:21]} Nf4 {[%clk 00:56:25]} {[%emt 00:14:31]}
19. Qxd5 {[%clk 00:28:54]} {[%emt 00:01:03]} Nxd5 {[%clk 00:55:11]} {[%emt
00:01:24]} 20. Rd3 {[%clk 00:24:08]} {[%emt 00:04:57]} e4 {[%clk 00:54:22]}
{[%emt 00:00:59]} 21. Rd4 {[%clk 00:23:23]} {[%emt 00:00:54]} Nf6 {[%clk
00:54:17]} {[%emt 00:00:16]} 22. Rfd1 {[%clk 00:22:54]} {[%emt 00:00:38]} h5
{[%clk 00:53:13]} {[%emt 00:01:14]} 23. h3 {[%clk 00:22:40]} {[%emt 00:00:24]}
Re8 {[%clk 00:51:08]} {[%emt 00:02:15]} 24. Rd8 {[%clk 00:22:27]} {[%emt
00:00:23]} Rxd8 {[%clk 00:50:29]} {[%emt 00:00:50]} 25. Rxd8+ {[%clk 00:22:27]}
{[%emt 00:00:01]} Kh7 {[%clk 00:50:29]} {[%emt 00:00:07]} 26. Kf1 {[%clk
00:22:16]} {[%emt 00:00:21]} Rd5 {[%clk 00:49:00]} {[%emt 00:01:38]} 27. Rc8
{[%clk 00:12:32]} {[%emt 00:09:54]} Rd1+ {[%clk 00:42:04]} {[%emt 00:07:07]} 28.
Ke2 {[%clk 00:12:32]} {[%emt 00:00:05]} Rb1 {[%clk 00:40:57]} {[%emt 00:01:17]}
29. b3 {[%clk 00:12:01]} {[%emt 00:00:41]} b5 {[%clk 00:40:23]} {[%emt
00:00:44]} 30. Nd2 {[%clk 00:12:01]} Rb2 {[%clk 00:38:32]} {[%emt 00:02:02]} 31.
Rxc7 {[%clk 00:12:01]} {[%emt 00:00:04]} Rxa2 {[%clk 00:38:32]} {[%emt
00:00:04]} 32. Rc5 {[%clk 00:11:50]} {[%emt 00:00:20]} Rb2 {[%clk 00:35:23]}
{[%emt 00:03:20]} 33. Re5 {[%clk 00:09:58]} {[%emt 00:01:59]} Kg6 {[%clk
00:34:26]} {[%emt 00:01:08]} 34. Kd1 {[%clk 00:09:18]} {[%emt 00:00:51]} Kf7
{[%clk 00:31:24]} {[%emt 00:03:13]} 35. Kc1 {[%clk 00:09:18]} Ra2 {[%clk
00:31:24]} {[%emt 00:00:05]} 36. Rg5 {[%clk 00:08:43]} {[%emt 00:00:44]} e3
{[%clk 00:30:40]} {[%emt 00:00:54]} 37. Nb1 {[%clk 00:04:40]} {[%emt 00:04:13]}
Rxf2 {[%clk 00:29:11]} {[%emt 00:01:40]} 38. Re5 {[%clk 00:04:05]} {[%emt
00:00:44]} Rxg2 {[%clk 00:28:56]} {[%emt 00:00:25]} 39. Rxe3 {[%clk 00:04:05]}
g5 {[%clk 00:28:55]} {[%emt 00:00:11]} 40. Nc3 {[%clk 00:03:53]} {[%emt
00:00:22]} g4 {[%clk 00:28:10]} {[%emt 00:00:55]} 41. hxg4 {[%clk 00:03:53]}
{[%emt 00:00:02]} Nxg4 {[%clk 00:28:10]} {[%emt 00:00:07]} 42. Rh3 {[%clk
00:03:41]} {[%emt 00:00:22]} Kg6 {[%clk 00:26:46]} {[%emt 00:01:35]} 43. Nd5
{[%clk 00:03:41]} {[%emt 00:00:01]} Rg1+ {[%clk 00:26:18]} {[%emt 00:00:37]} 44.
Kd2 {[%clk 00:03:41]} {[%emt 00:00:06]} Kg5 {[%clk 00:26:14]} {[%emt 00:00:15]}
45. Ke2 {[%clk 00:03:34]} {[%emt 00:00:18]} h4 {[%clk 00:25:20]} {[%emt
00:01:03]} 46. Nc7 {[%clk 00:03:34]} {[%emt 00:00:10]} Rg2+ {[%clk 00:22:45]}
{[%emt 00:02:44]} 47. Kf3 {[%clk 00:03:11]} {[%emt 00:00:33]} Rf2+ {[%clk
00:22:29]} {[%emt 00:00:25]} 48. Ke4 {[%clk 00:03:11]} Re2+ {[%clk 00:17:04]}
{[%emt 00:05:36]} 49. Kf3 {[%clk 00:03:11]} {[%emt 00:00:02]} Rf2+ {[%clk
00:14:33]} {[%emt 00:02:41]} 50. Ke4 {[%clk 00:03:11]} {[%emt 00:00:01]} Rf4+
{[%clk 00:14:33]} {[%emt 00:00:09]} 51. Kd5 {[%clk 00:03:11]} {[%emt 00:00:01]}
Nf2 {[%clk 00:14:29]} {[%emt 00:00:13]} 52. Ne6 {[%clk 00:03:05]} {[%emt
00:00:17]} Kf5 {[%clk 00:10:13]} {[%emt 00:04:26]} 53. Nxf4 {[%clk 00:03:05]}
{[%emt 00:00:02]} Nxh3 {[%clk 00:10:13]} {[%emt 00:00:03]} 54. Nxh3 {[%clk
00:03:05]} a5 {[%clk 00:09:14]} {[%emt 00:01:10]} 55. Kc5 {[%clk 00:03:05]}
{[%emt 00:00:03]} a4 {[%clk 00:09:14]} 1/2-1/2